Operations Management : (Record no. 22116)
[ view plain ]
| 000 -LEADER | |
|---|---|
| fixed length control field | 01088nam a22003257a 4500 |
| 003 - CONTROL NUMBER IDENTIFIER | |
| control field | IBSLLIB |
| 005 - DATE AND TIME OF LATEST TRANSACTION | |
| control field | 20260513054102.0 |
| 008 - FIXED-LENGTH DATA ELEMENTS--GENERAL INFORMATION | |
| fixed length control field | 260513b |||||||| |||| 00| 0 eng d |
| 020 ## - INTERNATIONAL STANDARD BOOK NUMBER | |
| International Standard Book Number | 9788126537044 |
| 040 ## - CATALOGING SOURCE | |
| Original cataloging agency | IBSLLIB |
| Language of cataloging | English |
| 041 ## - LANGUAGE CODE | |
| Language code of original | Eng |
| 082 ## - DEWEY DECIMAL CLASSIFICATION NUMBER | |
| Classification number | 658.5 |
| Item number | RUS |
| 100 ## - MAIN ENTRY--PERSONAL NAME | |
| Personal name | Russell , Roberta S. |
| 245 ## - TITLE STATEMENT | |
| Title | Operations Management : |
| Remainder of title | International student Version |
| 260 ## - PUBLICATION, DISTRIBUTION, ETC. (IMPRINT) | |
| Place of publication, distribution, etc. | Hoboken : |
| Name of publisher, distributor, etc. | Wiley & Sons INC , |
| Date of publication, distribution, etc. | 2014 |
| 300 ## - PHYSICAL DESCRIPTION | |
| Extent | 810 p ; |
| Dimensions | 26 cm |
| 505 ## - FORMATTED CONTENTS NOTE | |
| Formatted contents note | operations and supply chain management introduction |
| 505 ## - FORMATTED CONTENTS NOTE | |
| Formatted contents note | Quality and quality management |
| 505 ## - FORMATTED CONTENTS NOTE | |
| Formatted contents note | Process capability and statistical process control |
| 505 ## - FORMATTED CONTENTS NOTE | |
| Formatted contents note | Acceptance sampling as decision support analysis |
| 505 ## - FORMATTED CONTENTS NOTE | |
| Formatted contents note | Process design and technology |
| 505 ## - FORMATTED CONTENTS NOTE | |
| Formatted contents note | managing project |
| 505 ## - FORMATTED CONTENTS NOTE | |
| Formatted contents note | HR in operations management |
| 505 ## - FORMATTED CONTENTS NOTE | |
| Formatted contents note | Facility location models decision support tools |
| 650 ## - SUBJECT ADDED ENTRY--TOPICAL TERM | |
| Topical term or geographic name as entry element | management and auxiliary services |
| 653 ## - INDEX TERM--UNCONTROLLED | |
| Uncontrolled term | operation management |
| 653 ## - INDEX TERM--UNCONTROLLED | |
| Uncontrolled term | Technology |
| 700 ## - ADDED ENTRY--PERSONAL NAME | |
| Personal name | Taylor , Bernard W. |
| Relator term | Coo Author |
| 942 ## - ADDED ENTRY ELEMENTS (KOHA) | |
| Koha item type | Lending Book |
| Withdrawn status | Lost status | Damaged status | Not for loan | Collection code | Permanent Location | Current Location | Shelving location | Date acquired | Source of acquisition | Inventory number | Full call number | Barcode | Koha item type |
|---|---|---|---|---|---|---|---|---|---|---|---|---|---|
| Lending Collection | IBSL Library | IBSL Library | Lending Section | 10/09/2025 | Donation | 10584 | 658.5 RUS | 10584 | Lending Book |
